MARC

Tag First Indicator Second Indicator Subfields
LEADER 00000cam a2200000 a 4500
001 in00001463721
005 20151021051306.0
008 971215m19989999iluab b 001 0 eng d
010 |a  97052615  
020 |a 0226812901 (alk. paper) 
035 |a (OCoLC)38130750 
035 |9 AJD9279AM 
040 |a DLC  |c DLC  |d C#P  |d TXA  |d UtOrBLW 
043 |a e-uk-en 
049 |a TXAM 
050 0 0 |a HQ18.G7  |b T785 1998 
082 0 0 |a 306.76/4/09421  |2 21 
100 1 |a Trumbach, Randolph. 
245 1 0 |a Sex and the gender revolution /  |c Randolph Trumbach. 
264 1 |a Chicago :  |b University of Chicago Press,  |c 1998- 
300 |a volumes :  |b illustrations, maps ;  |c 24 cm. 
336 |a text  |b txt  |2 rdacontent 
337 |a unmediated  |b n  |2 rdamedia 
338 |a volume  |b nc  |2 rdacarrier 
490 1 |a The Chicago series on sexuality, history, and society 
504 |a Includes bibliographical references and index. 
505 1 |a v. 1. Heterosexuality and the third gender in Enlightenment London. 
650 0 |a Sex customs  |z England  |z London  |x History  |y 18th century. 
650 0 |a Heterosexuality  |z England  |z London  |x History  |y 18th century. 
650 0 |a Homosexuality  |z England  |z London  |x History  |y 18th century. 
650 0 |a Adultery  |z England  |z London  |x History  |y 18th century. 
651 0 |a London (England)  |x History  |y 18th century. 
651 0 |a London (England)  |x Social life and customs. 
740 0 2 |a Heterosexuality and the third gender in Enlightenment London. 
830 0 |a Chicago series on sexuality, history, and society. 
948 |a c:pk 
999 |a MARS 
999 f f |s b99b8523-6d79-3bca-bf5e-bb5b8bffef10  |i 488e44a2-2a8b-3dfc-b895-79a6e28574bf  |t 0 
952 f f |p normal  |a Texas A&M University  |b College Station  |c Sterling C. Evans Library  |d Evans: Library Stacks  |t 0  |e HQ18.G7 T785 1998  |h Library of Congress classification  |i unmediated -- volume  |k v.1  |m A14824077301 
998 f f |a HQ18.G7 T785 1998  |s v.1  |t 0  |l Evans: Library Stacks